Sports Quiz

Random Sports or Football Quiz

First XI: Bruce - Hull City Quiz Stats

 Plays Quiz not verified by Sporcle

Score 0/55 Timer 10:00
0 Plays Today
Team and Competition Player Name % Correct
Chelsea, Premier League 2013Ahmed Elmohamady
89.4%
AS Trencin, Europa League 2014Ahmed Elmohamady
89.4%
Chelsea, Premier League 2013Allan McGregor
85.1%
AS Trencin, Europa League 2014Allan McGregor
85.1%
Rotherham United, Capital One Cup 2012Robert Koren
78.7%
Brighton & Hove Albion, Championship 2012Robert Koren
78.7%
Chelsea, Premier League 2013Robert Koren
78.7%
Rotherham United, Capital One Cup 2012James Chester
72.3%
Brighton & Hove Albion, Championship 2012James Chester
72.3%
Chelsea, Premier League 2013James Chester
72.3%
AS Trencin, Europa League 2014James Chester
72.3%
AS Trencin, Europa League 2014Shane Long
72.3%
Leyton Orient, FA Cup 2013Eldin Jakupović
70.2%
Chelsea, Premier League 2013Maynor Figueroa
66%
Chelsea, Premier League 2013David Meyler
66%
AS Trencin, Europa League 2014David Meyler
66%
AS Trencin, Europa League 2014Tom Huddlestone
61.7%
Leyton Orient, FA Cup 2013Alex Bruce
57.4%
Chelsea, Premier League 2013Curtis Davies
57.4%
Chelsea, Premier League 2013Robbie Brady
57.4%
AS Trencin, Europa League 2014Curtis Davies
57.4%
AS Trencin, Europa League 2014Alex Bruce
57.4%
Brighton & Hove Albion, Championship 2012Sone Aluko
55.3%
Chelsea, Premier League 2013Sone Aluko
55.3%
AS Trencin, Europa League 2014Jake Livermore
55.3%
AS Trencin, Europa League 2014Sone Aluko
55.3%
Leyton Orient, FA Cup 2013Andy Dawson
53.2%
Leyton Orient, FA Cup 2013Paul McShane
38.3%
Team and Competition Player Name % Correct
Rotherham United, Capital One Cup 2012Abdoulaye Fayé
31.9%
Brighton & Hove Albion, Championship 2012Abdoulaye Fayé
31.9%
Rotherham United, Capital One Cup 2012Nick Proschwitz
27.7%
Brighton & Hove Albion, Championship 2012Nick Proschwitz
27.7%
Leyton Orient, FA Cup 2013Nick Proschwitz
27.7%
Rotherham United, Capital One Cup 2012Liam Rosenior
25.5%
Brighton & Hove Albion, Championship 2012Liam Rosenior
25.5%
Leyton Orient, FA Cup 2013Liam Rosenior
25.5%
AS Trencin, Europa League 2014Liam Rosenior
25.5%
Chelsea, Premier League 2013Yannick Sagbo
23.4%
Rotherham United, Capital One Cup 2012Matty Fryatt
21.3%
Rotherham United, Capital One Cup 2012Joe Dudgeon
14.9%
Brighton & Hove Albion, Championship 2012Joe Dudgeon
14.9%
Leyton Orient, FA Cup 2013Seyi Olofinjana
14.9%
Chelsea, Premier League 2013Danny Graham
14.9%
Rotherham United, Capital One Cup 2012Ben Amos
12.8%
Rotherham United, Capital One Cup 2012Paul McKenna
12.8%
Rotherham United, Capital One Cup 2012Tom Cairney
12.8%
Rotherham United, Capital One Cup 2012Cameron Stewart
12.8%
Brighton & Hove Albion, Championship 2012Ben Amos
12.8%
Brighton & Hove Albion, Championship 2012Paul McKenna
12.8%
Brighton & Hove Albion, Championship 2012Cameron Stewart
12.8%
Leyton Orient, FA Cup 2013Paul McKenna
12.8%
Leyton Orient, FA Cup 2013Tom Cairney
12.8%
Leyton Orient, FA Cup 2013Cameron Stewart
12.8%
Leyton Orient, FA Cup 2013Jay Simpson
12.8%
Brighton & Hove Albion, Championship 2012Aaron McLean
8.5%

You're not logged in!

Compare scores with friends on all Sporcle quizzes.
OR
Log In

Sporcle TV

Today on Sporcle TV


Watch our educational content, quiz creation guides, and fun videos on Sporcle TV.

Show Comments

Extras

Top Quizzes Today


Score Distribution

Your Account Isn't Verified!

In order to create a playlist on Sporcle, you need to verify the email address you used during registration. Go to your Sporcle Settings to finish the process.

Report this User

Report this user for behavior that violates our Community Guidelines.

Details: